1296 1958 1187 1434 1085 1977 1120 1038 1477 1681 1733 1438 1064 1861 1668 1742 1951 1850 1571 1311 1440 1672 1774 1594 1435 1234 1639 1411 1237 1222 1096 1870 1663 1184 1003 1890 1784 1005 1272 1810 1874 1876 1716 1215 1558 1860 1401 1701 1449 1297 1382 1897 1749 1724 1501 1728 1577 1888 1890 1247 1541 1102 1836 1005 1690 1737 1491 1237 1535 1261 1495 1412 1592 1366 1403 1930 1720 1886 1837 1839 1195 1598 1207 1927 1797 1779 1177 1364 1490 1251 1343 1837 1213 1617 1615 1576 1030 1497 1008 BCNSPRNW ULIB Ver.6.0+V

เปลี่ยนเป็นภาษาไทย

Change to English
 แสดงรายละเอียดบรรณานุกรม
  กลับหน้าหลัก

Brief Record : Get Marc (ISO 2709) : E-mail record : QR code < ปิดหน้าต่าง
LEADER : 00000nam 2200000uu 4500
001    13399122071
003     ULIB
008    121225s2550||||th 000 0 tha d
020    ^a9789747222715
060 04 ^aWJ752^bน176ม 2550
245 00 ^aมะเร็งต่อมลูกหมาก =^bProstate cancer /^cกองบรรณาธิการ,จุฑามาศ แอนเนียน
246 31 ^aProstate cancer
250    ^aพิมพ์ครั้งที่ 2
260    ^aกรุงเทพฯ :^bใกล้หมอ,^c2550
300    ^a162 หน้า :^bภาพประกอบ ;^c21 ซม.
650  7 ^aต่อมลูกหมาก, เนื้องอก
700 0  ^aจุฑามาศ แอนเนียน,^eบรรณาธิการ
945    ^p155^l0^i14299
995    ^aทศพร
999    ^aทศพร เกษรทอง
รายการนี้ยังไม่มีแท็ก
คุณยังไม่ได้ล็อกอิน คุณสามารถมีกิจกรรมร่วมกับเว็บไซต์ได้ แต่ต้องล็อกอินก่อน ::
  ล็อกอิน

รายการสื่อสารสนเทศ

ลำดับที่ ประเภท เลขเรียก/บาร์โค้ด สถานที่ สถานะ
1. วิทยาศาสตร์การแพทย์ และสุขภาพ
วิทยาศาสตร์การแพทย์ และสุขภาพ
WJ752 น176ม 2550 ฉ.1 
  Barcode: 14299
ห้องสมุดวิทยาเขตสวรรค์ประชารักษ์
►ส่วนจัดเก็บหนังสือเก่า สปร
บนชั้น
  ขอยืม

รายการใกล้เคียง
    หัวเรื่อง [ต่อมลูกหมาก, เนื้องอก]

BibComment


ยังไม่เคยถูกคอมเมนท์

คอมเมนท์ทรัพยากรรายการนี้
  คอมเมนท์: มะเร็งต่อมลูกหมา..


 Copyright 2026. Bcnsprnw @Library